00528nam a2200109Ia 4500008004100000041000800041100002800049245009600077260003800173999001700211952019000228230206s9999 xx 000 0 und d aeng aMurthy E N, Ed.9119281 aThe IUP Journal of Intellectual Property Rights & The IUP Journal of Information Technology c2010bIUP PublicationsaHyderabad c97733d97733 00104070aHIMRbHIMRd2016-11-30eSatya GilanihFeb. 2010 to Sep. 2011 (Vol. 9 No.1 to Vol. 7 No. 3)l0o346.00469/MUR BV0396pHIMR-BV-396r2023-02-06 00:00:00w2023-02-06yBVzBV0396